Contractions: a pronunciation practice book

Na minha lista:
Detalhes bibliográficos
Autor principal: Mortimer, Colin (Author)
Formato: Livro
Idioma:inglês
Publicado em: Cambridge Cambridge University 1977
Assuntos:
Tags: Adicionar Tag
Sem tags, seja o primeiro a adicionar uma tag!

MARC

LEADER 00000nam a2200000 a 4500
001 UCQ3615
003 CL-VaPUC
008 980821e19770000uk |||||||||||||||||eng|d
082 0 4 |a 421.52  |b MOR  |2 21 
100 |a Mortimer, Colin  |e author  |9 481909 
245 1 0 |a Contractions: a pronunciation practice book 
300 |a 32 p 
942 |c BK 
945 |d 19980821 00:00:00  |a crobeson 
260 |a Cambridge  |b Cambridge University  |c 1977 
650 0 |a Inglés  |9 260023 
650 7 |a PRONUNCIACION  |2 CL-VaPUC  |9 371723 
650 0 |a Fonética  |9 308371 
650 0 |a Enseñanza de idiomas  |9 339820 
650 0 |a Educación lingüística  |9 306506 
583 |a last modification  |c 20130806 06:39:31  |k Rodrigo Vera 
999 |c 274135  |d 274133 
952 |0 0  |1 0  |4 0  |6 421_520000000000000_MOR_1977  |7 0  |8 A  |9 310217  |a BIBEDU  |b BIBEDU  |d 2019-11-20  |i 1456172  |o 421.52 MOR 1977  |p 1456172  |r 2019-11-20  |w 2019-11-20  |y BK  |k LIT